000 00826cam a2200217 4500
001 WB3549-29
008 000000n1999 000 0 eng u
035 _a(Sirsi) u103127
245 _aEasier home buying and selling
260 _c1999
490 _aDETR News Release
_v(1179) 7 DEcember 1999 (4)
520 _aA pilot scheme to test the proposed seller's pack aimed at streamlining the housebuying process has been launched in Bristol. 250 home owners are being offered the chance of selling their home using the pack.
590 _aWB
650 _aSELLERS PACKS
650 _aPROPERTY-RESIDENTIAL PROPERTY-ACQUISITION AND DISPOSAL OF RESIDENTIAL PROPERTY
650 _aSTREAMLINED CONVEYANCING PROCEDURE
650 _aPILOT SCHEMES
650 _aBRISTOL
690 _aPROPERTY LAW AND PRACTICE
942 _n0
999 _c61978
_d61978